000 00718cam a2200205 i 4500
005 20251210093057.0
008 250721s1999 ua gr 000 0 ara d
020 _a9770305502
082 1 4 _a216.3
_bإ م ا
100 1 _aإمام، محمد
_eمؤلف.
245 1 2 _aالوصية و الوقف في الإسلام مقاصد وقواعد /
_cالاستاذ الدكتور محمد كمال الدين إمام.
250 _aالطبعه الاولى.
264 3 1 _aالأسكندرية :
_bمنشأة المعارف،
_c1999.
300 _a250 صفحه.
650 1 7 _aالفقه الإسلامي.
650 1 7 _aالوصية.
650 1 7 _aالوقف.
942 _2ddc
_cBK
999 _c84472
_d84472